Top 25 Ventes - PSG - Statistiques

Statistiques générales
  • Ce quiz a été pris 72 fois
  • Le résultat moyen est 5 sur 25
Statistiques - réponses
Nationalité Prix Réponse % Correct
Brésilien 90,00 mio € Neymar Jr.
89%
Brésilien - Portugais 35,00 mio € David Luiz
35%
Italien 45,00 mio € Marco Verratti
35%
Portugais 40,00 mio € Gonçalo Guedes
32%
Argentin - Italien 24,70 mio € Javier Pastore
29%
Brésilien 28,40 mio € Lucas Moura
27%
Uruguayen 50,00 mio € Manuel Ugarte
27%
Français - Angolais 25,00 mio € Blaise Matuidi
24%
Français - Congolais 19,50 mio € Christopher Nkunku
23%
Brésilien - Espagnol 32,25 mio € Ronaldinho
23%
Argentin - Italien 22,00 mio € Giovani Lo Celso
18%
Français - Camerounais 31,50 mio € Hugo Ekitiké
18%
Néerlandais - Surinamien 50,00 mio € Xavi Simons
18%
Français 15,00 mio € Nicolas Anelka
17%
Français - Malien 15,00 mio € Moussa Diaby
15%
Sénégalais - Français 15,00 mio € Abou Diallo
12%
Français 16,50 mio € Luacs Digne
11%
Ivoirien 25,00 mio € Serge Aurier
9%
Français - Congolais 20,00 mio € Arnaud Kalimuendo
6%
Français - Haïtien 16,00 mio € Jean-Kévin Augustin
6%
Français - Sénégalais 19,00 mio € Mamadou Sakho
6%
Français 13,90 mio € Yohan Cabaye
6%
Espagnol - Algérien 24,75 mio € Yuri Berchiche
5%
Français - Congolais 15,00 mio € El Chadaille Bitshiabu
3%
Français 14,33 mio € Laurent Robert
0%
Aucun quiz correspondant
Distribution des résultats
% des personnes avec chaque résultat
Percentile par nombre de réponses
Votre historique - résultats
Vous n’avez pas pris ce quiz